000 00274nam a22001217a 4500
008 170817b xxu||||| |||| 00| 0 eng d
041 _aeng
080 _25TH
_a51
100 _a36
101 _aMAT
245 _aCALCULUS AND ANALYTIC GEOMETRY
_cTHOMAS.G.B
942 _2udc
_cBK
999 _c23869
_d23869